| 000 | 01011aaa a2200217 a 4500 | ||
|---|---|---|---|
| 001 | 78594 | ||
| 003 | BD-RjUL | ||
| 005 | 20211209083139.0 | ||
| 008 | 211018s1971 ii ||||| |||| 00| 0cben d | ||
| 035 | _a(BD-RjUL)78820 | ||
| 040 |
_aBD-RjUL _beng _cBD-RjUL _dBD-RjUL |
||
| 041 | _aben | ||
| 082 |
_223 _a294.5092 _bCHM 1971 |
||
| 100 | 1 |
_aচক্রবর্তী, অজিতকুমার _9249127 |
|
| 245 | 1 | 0 |
_aমহর্ষি দেবেন্দ্রনাথ ঠাকুর / _c অজিতকুমার চক্রবর্তী, |
| 260 |
_aকলিকাতা : _bজিজ্ঞাসা , _c১৯৭১ |
||
| 300 |
_a[১৪], ৬০৭ পৃ. ; _c২২ সেমি |
||
| 600 |
_a ঠাকুর, মহর্ষি দেবেন্দ্রনাথ _q[মহর্ষি দেবেন্দ্রনাথ ঠাকুর,] _d১৫ মে ,১৮১৭ - ১৯ জানুয়ারি, ১৯০৫ _9249135 |
||
| 650 |
_aজীবনী _9249129 |
||
| 942 |
_2ddc _cBK |
||
| 999 |
_c78594 _d78594 |
||